Fill in the Dollar Bill Quiz Stats

Quiz Updated May 26, 2013

Challenge
Share
Tweet
Score 0/46 Timer 05:00
0 Plays Today
% Correct
ONE
95.8%
ONE
95.8%
ONE
95.8%
ONE
95.8%
ONE
95.8%
ONE
95.8%
ONE
95.8%
DOLLAR
94.2%
DOLLAR
94.2%
UNITED
92.9%
UNITED
92.9%
STATES
92.8%
STATES
92.8%
AMERICA
92.7%
AMERICA
92.7%
OF
92.3%
OF
92.3%
WASHINGTON
90.8%
WASHINGTON
90.8%
THE
86.6%
THE
86.6%
WE
81.6%
IN
81.5%
% Correct
GOD
81.4%
TRUST
80.9%
TENDER
73.8%
e
70.7%
PRIVATE
69.9%
Treasury
62.8%
NOTE
62.7%
NOTE
62.7%
unum
62.2%
pluribus
58.8%
Secretary
54.2%
FEDERAL
46.6%
BANK
44.8%
RESERVE
42.6%
DEBTS
40.6%
Treasurer
39.3%
SAN
34.8%
GREAT
33.2%
SERIES
32.4%
12
18%
John
14.6%
MDCCLXXVI
13.1%
L 11180916 G
12.3%

You're not logged in!

Compare scores with friends on all Sporcle quizzes.
Sign Up with Email
OR
Log In

You Might Also Like...

Show Comments

Extras

Top Quizzes Today


Score Distribution

Your Account Isn't Verified!

In order to create a playlist on Sporcle, you need to verify the email address you used during registration. Go to your Sporcle Settings to finish the process.

Report this User

Report this user for behavior that violates our Community Guidelines.

Details: